| 000 | 00456nam a2200193Ia 4500 | ||
|---|---|---|---|
| 008 | 170918s9999 xx 000 0 und d | ||
| 020 | _a9780545154178 | ||
| 050 | _bG799 1981 | ||
| 100 | _aGreene, Bette | ||
| 245 | _aGet on out of here Philip Hall / | ||
| 245 | _cby Bette Greene. | ||
| 260 | _aNew York : | ||
| 260 | _bScholastic, | ||
| 260 | _c1981 | ||
| 300 | _a150 pages : | ||
| 300 | _billustrations ; | ||
| 300 | _c19cm. | ||
| 500 | _a890 | ||
| 999 |
_c344011 _d344011 |
||